Marketing leadership in hospitality and tourism : strategies and tactics for competitive advantage

Αποθηκεύτηκε σε:
Λεπτομέρειες βιβλιογραφικής εγγραφής
Κύριος συγγραφέας: Shoemaker, Stowe
Άλλοι συγγραφείς: Lewis, Robert C. 1930-, Yesawich, Peter Charles 1950-
Μορφή: Βιβλίο
Γλώσσα:English
Δημοσίευση: Upper Saddle River, N.J. : Pearson Prentice Hall, c2007
Έκδοση:4th ed.
Θέματα:
Ετικέτες: Προσθήκη ετικέτας
Δεν υπάρχουν, Καταχωρήστε ετικέτα πρώτοι!

MARC

LEADER 00000nam a2200000 i 4500
001 1/82170
008 080414s2007 eng d
020 |a 0-13-118240-4 
035 |l 10096609 
040 |a GR-MY-UA  |b gre  |e aacr 
041 0 |a eng 
082 0 |a 910.460688  |2 (22) 
100 1 |a Shoemaker, Stowe. 
245 1 0 |a Marketing leadership in hospitality and tourism :  |b strategies and tactics for competitive advantage /  |c Stowe Shoemaker, Robert C.Lewis, Peter C.Yesawich 
250 |a 4th ed. 
260 |a Upper Saddle River, N.J. :   |b Pearson Prentice Hall,   |c c2007 
300 |a xxv, 661 σ.;  |b έγχρ. εικ.;  |c 28 εκ.+  |e 1 οπτική δισκέτα λέϊζερ Η/Υ (4 3/4 ίν.) 
650 0 0 |a Hospitality industry  |x Marketing. 
700 1 |a Lewis, Robert C.  |d 1930- 
700 1 |a Yesawich, Peter Charles  |d 1950- 
852 |a INST  |b CHIOS  |e 20080414  |h 910.460688 SHO  |p 005200027340  |q 005200027340  |t BK  |y 0 
852 |a INST  |b CHIOS  |e 20080414  |h 910.460688 SHO   |p 005200027535  |q 005200027535  |t BK  |y 0 
901 |a BIBL2-2008-1 
909 |a Χ  |b 151720 
909 |a Χ  |b 151721 
922 |a 2ΕΛΗ  |b 200803  |c ΕΠΕΑΕΚ2/ΤΔΕ  |d ΕΛΕΥΘΕΡΟΥΔΑΚΗΣ 
970 |a ΒΑΣΙΛΑΚΗ  |b ΝΙΚΗ  |z 2008/04/14